[Event "35th European Club Cup 2019"]
[Site "Ulcinj"]
[Date "2019.11.10"]
[Round "1.5"]
[White "Kucuksari, Kaan"]
[Black "Kobalia, Mikhail"]
[Result "0-1"]
[WhiteElo "2332"]
[BlackElo "2608"]
[Annotator "TA"]
[PlyCount "60"]
[EventDate "2019.11.10"]
[EventType "team-tourn"]
[EventCountry "MNE"]
[SourceTitle "playchess.com"]
[Source "ChessBase"]
[SourceQuality "1"]
[WhiteTeam "Lunds ASK"]
[BlackTeam "Moscow Chess Team"]

{[%evp 20,109,30,0,0,0,21,26,39,41,43,-55,-52,-86,-83,-85,-80,-79,-83,-87,-93,-168,-168,-194,-194,-186,-148,-157,-143,-167,-152,-194,-193,-193,-183,-174,-172,-200,-198,-312,-323,-312,-268,-279,-281,-279,-264,-262,-255,-241,-236,-231,-204,-334,-331,-296,-248,-235,-238,-236,-202,-214,-219,-229,-192,-209,-73,-85,-76,-92,-92,-144,0,0,0,0,0,0,0,0,0,-8,-16,-8,-12,-145,-152,-303,-12,-8,-11,-446]} 1. d4 Nf6 2. c4 g6 3. g3 Bg7 4. Bg2 O-O 5. Nc3 d6 6. Nf3 Nbd7 7. O-O e5 8. e4 exd4 9. Nxd4 Re8 10. Re1 Nc5 11. b4 Ne6 {E68: King's Indian: Fianchetto: 6...Nbd7 7 0-0 e5 8 e4} 12. Be3 (12. Nc2 a5 13. a3 axb4 14. axb4 Rxa1 15. Nxa1 Nd7 16. Bb2 Ne5 17. Nd5 c6 18. Ne3 Nf3+ 19. Bxf3 Bxb2 {0-1 (40) Evans,B (1942)-Aliyev,R (2376) Novi Sad 2019}) 12... a5 13. b5 $146 ({Predecessor:} 13. bxa5 Ng4 14. Nxe6 Nxe3 15. Rxe3 Bxe6 16. Qa4 c6 17. Rb1 Re7 18. Qb4 Qxa5 19. Qxd6 Rd7 20. Qxd7 Bxd7 21. Rxb7 Bc8 22. Rb3 Be6 23. Nd5 Qa7 24. Ne7+ Kh8 {0-1 (24) Goncalves,M (1865)-Dimuro,M (2214) Puerto Madryn 2009}) 13... Nc5 {[%cal Rf6e4] White has an edge.} 14. f3 Nfd7 15. Qd2 (15. Nd5 $14) 15... Ne5 $1 $15 16. Bf1 Be6 $1 $36 {[%mdl 2048] White is under strong pressure.} 17. Bg5 Qd7 18. Nd5 {[#]} Bxd5 $1 19. cxd5 Ned3 $1 {[%mdl 64] Discovered Attack} 20. Bxd3 (20. Be3 $17 Nxe1 21. Rxe1) 20... Bxd4+ $19 21. Be3 Bxa1 22. Bxc5 dxc5 23. Rxa1 Qd6 24. Rc1 Re7 25. Qc3 b6 26. f4 Rae8 27. Qc4 f6 28. Re1 g5 29. f5 (29. Rf1 $142) 29... h5 30. Bf1 h4 {Played: Re7-e5} 0-1

[Event "35th European Club Cup 2019"]
[Site "Ulcinj"]
[Date "2019.11.10"]
[Round "1.5"]
[White "Noiroux, Kevin"]
[Black "Kovalev, Vladislav"]
[Result "0-1"]
[WhiteElo "2170"]
[BlackElo "2674"]
[Annotator "TA"]
[PlyCount "54"]
[EventDate "2019.11.10"]
[EventType "team-tourn"]
[EventCountry "MNE"]
[SourceTitle "playchess.com"]
[Source "ChessBase"]
[SourceQuality "1"]
[WhiteTeam "Echiquier Mosan"]
[BlackTeam "Alkaloid"]

{[%evp 9,80,-20,-14,-17,-25,-16,-10,-14,-14,-12,-22,-9,0,0,0,0,0,0,0,0,0,0,2,0,0,-30,-30,-40,-34,-205,-212,-202,-210,-202,-197,-181,-175,-187,-172,-191,-185,-181,-195,-174,-185,-243,-211,-324,-318,-315,-308,-423,-418,-403,-407,-434,-446,-468,-463,-464,-443,-578,-562,-602,-591,-567,-583,-1197,-637,-814,-735,-1148,-1135]} 1. d4 Nf6 2. Bf4 c5 3. e3 Nd5 (3... g6 4. c3 b6 5. Na3 Bb7 6. Nf3 Bg7 7. Nb5 Nd5 8. Be5 Bxe5 9. dxe5 Nc7 10. Na3 Nc6 11. h4 {½-½ (41) Kravtsiv,M (2628)-Saric,I (2681) Konya 2019}) 4. Bg3 Qb6 5. Na3 $146 ({Predecessor:} 5. Nc3 Nxc3 6. bxc3 Qa5 7. Qd2 d6 8. Nf3 g6 9. Bc4 Bg7 10. O-O Nd7 11. Rfe1 {½-½ (64) Shevchenko,K (2536)-Fedorov,A (2551) Warsaw 2019}) 5... Qb4+ 6. c3 {A45: Trompowsky Attack} Nxc3 $1 ({Of course not} 6... Qxb2 7. Nb5 $14) 7. Qd2 Ne4 {[%csl Ge4][%cal Rb4d2] [#]} 8. Qxb4 {The position is equal.} cxb4 9. Nb5 Nxg3 10. hxg3 Kd8 11. Rc1 {[#] Strongly threatening Nc7.} Nc6 {Threatens to win with ...a6.} 12. Nf3 {Ng5 is the strong threat.} f6 13. d5 Ne5 14. Rh4 Nf7 15. Rxb4 e5 $132 {[%mdl 2048] Black is not keeping still} 16. Ra4 a6 17. a3 Rb8 18. Na7 b5 19. Ra5 $2 (19. Rh4 $15) 19... Bb7 $19 20. Nxb5 axb5 21. Rxb5 Bd6 22. Nd2 Ke7 23. b4 f5 24. e4 fxe4 25. Nxe4 Ba8 26. Ra5 Rbc8 27. Rb1 (27. Rd1 {might work better.}) 27... Bc7 {Played: Ba8-b7} 0-1

[Event "35th European Club Cup 2019"]
[Site "Ulcinj"]
[Date "2019.11.10"]
[Round "1.6"]
[White "Nedev, Trajko"]
[Black "Bikady, Claude"]
[Result "1-0"]
[WhiteElo "2500"]
[BlackElo "1912"]
[Annotator "ChessBase"]
[PlyCount "51"]
[EventDate "2019.11.10"]
[EventType "team-tourn"]
[EventCountry "MNE"]
[SourceTitle "playchess.com"]
[Source "ChessBase"]
[SourceQuality "1"]
[WhiteTeam "Alkaloid"]
[BlackTeam "Echiquier Mosan"]
[TimeControl "40/5400+30:1800+30"]

1. e4 {[%emt 0:00:00]} e6 {[%emt 0:00:00]} 2. d4 {[%emt 0:00:00]} d5 {[%emt 0:00:00]} 3. Nd2 {[%emt 0:00:03]} Nf6 {[%emt 0:00:32]} 4. e5 {[%emt 0:00:09]} Nfd7 {[%emt 0:00:09]} 5. Bd3 {[%emt 0:00:24]} c5 {[%emt 0:00:15]} 6. c3 {[%emt 0:00:06]} Nc6 {[%emt 0:00:06]} 7. Ngf3 {[%emt 0:00:07]} g6 {[%emt 0:01:53]} 8. h4 {[%emt 0:00:07]} Qb6 {[%emt 0:00:46]} 9. h5 {[%emt 0:00:19]} g5 {[%emt 0:01:23]} 10. Nxg5 {[%emt 0:00:07]} cxd4 {[%emt 0:00:07]} 11. cxd4 {[%emt 0:00:10]} Qxd4 {[%emt 0:01:02]} 12. Ndf3 {[%emt 0:00:23]} Qb4+ {[%emt 0:00:20]} 13. Bd2 {[%emt 0:00:30]} Qxb2 {[%emt 0:01:01]} 14. Rb1 {[%emt 0:00:18]} Qa3 {[%emt 0:02:12]} 15. Rb3 {[%emt 0:07:14]} Qxa2 {[%emt 0:00:49]} 16. Bb1 {[%emt 0:10:07]} Qa6 {[%emt 0:01:11]} 17. Nxh7 {[%emt 0:01:02]} Be7 {[%emt 0:00:40]} 18. Bg5 {[%emt 0:33:46]} Bxg5 {[%emt 0:52:48]} 19. Nhxg5 {[%emt 0:00:09]} Ke7 {[%emt 0:00:32]} 20. Re3 {[%emt 0:08:02]} Qa5+ {[%emt 0:03:08]} 21. Kf1 {[%emt 0:00:22]} b5 {[%emt 0:01:04]} 22. Qc2 {[%emt 0:08:45]} Qb6 {[%emt 0:00:45]} 23. Nxf7 {[%emt 0:00:59]} Rf8 {[%emt 0:04:13]} 24. N7g5 {[%emt 0:01:24]} Ndxe5 {[%emt 0:13:41]} 25. Nxe5 {[%emt 0:02:19]} Qxe3 {[%emt 0:00:50]} 26. Qh7+ {[%emt 0:00:49]} 1-0

[Event "35th European Club Cup 2019"]
[Site "Ulcinj"]
[Date "2019.11.10"]
[Round "1.6"]
[White "Murzin, Volodar"]
[Black "Petersson, Kjell"]
[Result "1-0"]
[WhiteElo "2429"]
[BlackElo "1958"]
[Annotator "NA"]
[PlyCount "93"]
[EventDate "2019.11.10"]
[EventType "team-tourn"]
[EventCountry "MNE"]
[SourceTitle "playchess.com"]
[Source "ChessBase"]
[SourceQuality "1"]
[WhiteTeam "Moscow Chess Team"]
[BlackTeam "Lunds ASK"]
[TimeControl "40/5400+30:1800+30"]

1. e4 {[%emt 0:00:00]} c5 {[%emt 0:00:00]} 2. Nf3 {[%emt 0:00:00]} d6 {[%emt 0:00:00]} 3. Bb5+ {[%emt 0:00:00]} Nc6 {[%emt 0:00:00]} 4. O-O {[%emt 0:00:08]} Bd7 {[%emt 0:00:00]} 5. Re1 {[%emt 0:00:09]} a6 {[%emt 0:00:00]} 6. Bf1 {[%emt 0:00:06]} Bg4 {[%emt 0:00:01]} 7. c3 {[%emt 0:01:14]} Nf6 {[%emt 0:00:27]} 8. h3 {[%emt 0:00:12]} Bxf3 {[%emt 0:00:03]} 9. Qxf3 {[%emt 0:00:06]} g6 {[%emt 0:00:18]} 10. d3 {[%emt 0:01:01]} Bg7 {[%emt 0:00:04]} 11. Be3 {[%emt 0:00:16]} Nd7 {[%emt 0:00:09]} 12. Nd2 {[%emt 0:00:27]} O-O {[%emt 0:00:15]} 13. Qd1 {[%emt 0:00:20]} b5 {[%emt 0:00:18]} 14. Nf3 {[%emt 0:00:41]} Nde5 {[%emt 0:11:06]} 15. Nh2 {[%emt 0:02:36]} Rc8 {[%emt 0:06:10]} 16. Rc1 {[%emt 0:08:44]} Na5 {[%emt 0:13:01]} 17. f4 {[%emt 0:10:09]} Nec6 {[%emt 0:04:45]} 18. Nf3 {[%emt 0:00:42]} Qd7 {[%emt 0:07:01]} 19. Qd2 {[%emt 0:03:22]} Rfe8 {[%emt 0:06:58]} 20. b4 {[%emt 0:08:57]} Nb7 {[%emt 0:02:02]} 21. d4 {[%emt 0:01:56]} cxd4 {[%emt 0:01:51]} 22. cxd4 {[%emt 0:02:43]} d5 {[%emt 0:00:40]} 23. e5 {[%emt 0:07:27]} e6 {[%emt 0:02:42]} 24. g4 {[%emt 0:02:35]} Bf8 {[%emt 0:04:52]} 25. Rb1 {[%emt 0:05:00]} Rc7 {[%emt 0:01:21]} 26. Bd3 {[%emt 0:01:18]} Ne7 {[%emt 0:09:00]} 27. Nh4 {[%emt 0:02:22]} Rc6 {[%emt 0:07:21]} 28. f5 {[%emt 0:05:30]} exf5 {[%emt 0:00:32]} 29. gxf5 {[%emt 0:00:18]} Nxf5 {[%emt 0:02:32]} 30. Nxf5 {[%emt 0:01:39]} gxf5 {[%emt 0:00:03]} 31. Kh2 {[%emt 0:03:15]} Qe6 {[%emt 0:10:20]} 32. Rg1+ {[%emt 0:02:36]} Kh8 {[%emt 0:00:12]} 33. Rbf1 {[%emt 0:07:09]} Nd6 {[%emt 0:00:46]} 34. Bg5 {[%emt 0:01:05]} Bg7 {[%emt 0:03:42]} 35. exd6 {[%emt 0:00:19]} Bxd4 {[%emt 0:00:35]} 36. Rg2 {[%emt 0:00:40]} Qxd6+ {[%emt 0:01:34]} 37. Bf4 {[%emt 0:00:15]} Be5 {[%emt 0:00:24]} 38. Bxe5+ {[%emt 0:00:28]} Rxe5 {[%emt 0:02:46]} 39. Qf4 {[%emt 0:00:21]} Rc3 {[%emt 0:03:14]} 40. Qg3 {[%emt 0:00:00]} Re6 {[%emt 0:00:00]} 41. Qxd6 {[%emt 0:02:46]} Rxd6 {[%emt 0:01:22]} 42. Bxf5 {[%emt 0:00:05]} Re3 {[%emt 0:04:12]} 43. Rfg1 {[%emt 0:01:03]} Re8 {[%emt 0:01:14]} 44. Rg7 {[%emt 0:00:12]} Rh6 {[%emt 0:00:06]} 45. Rxf7 {[%emt 0:00:07]} d4 {[%emt 0:01:45]} 46. Bd3 {[%emt 0:00:19]} Rd8 {[%emt 0:01:31]} 47. Rgg7 {[%emt 0:00:27]} 1-0

[Event "35th European Club Cup 2019"]
[Site "Ulcinj"]
[Date "2019.11.10"]
[Round "1.6"]
[White "Wenzel, Birger"]
[Black "Antonsen, Mikkel"]
[Result "0-1"]
[WhiteElo "2058"]
[BlackElo "2390"]
[Annotator "NA"]
[PlyCount "80"]
[EventDate "2019.11.10"]
[EventType "team-tourn"]
[EventCountry "MNE"]
[SourceTitle "playchess.com"]
[Source "ChessBase"]
[SourceQuality "1"]
[WhiteTeam "Wasa SK"]
[BlackTeam "Koge SK"]
[TimeControl "40/5400+30:1800+30"]

1. c4 g6 2. d4 Nf6 3. g3 c6 4. Bg2 d5 5. Qa4 dxc4 6. Qxc4 Bg7 7. Nf3 O-O 8. O-O Bf5 9. Nc3 Nbd7 10. h3 Rc8 11. Qb3 Qb6 12. Re1 Be6 13. Qd1 Rfd8 14. e4 Bc4 15. b3 Ba6 16. e5 Nd5 17. Na4 Qc7 18. Ng5 b5 19. Nb2 e6 20. Ne4 c5 21. Bg5 cxd4 22. Bxd8 Rxd8 23. f4 Qb6 24. Nd3 Ne3 25. Qd2 Nxg2 26. Kxg2 Bb7 27. Kh2 a5 28. Rac1 Bf8 29. g4 Bd5 30. f5 exf5 31. gxf5 Re8 32. Qf4 a4 33. e6 fxe6 34. f6 e5 35. Qf3 Bh6 36. Rf1 Rf8 37. Qg4 Be6 38. Qh4 Bxc1 39. Rxc1 Bf5 40. Ndf2 Nxf6 0-1

[Event "35th European Club Cup 2019"]
[Site "Ulcinj"]
[Date "2019.11.10"]
[Round "1.7"]
[White "Dominguez Perez, Leinier"]
[Black "Karttunen, Mika"]
[Result "1-0"]
[WhiteElo "2762"]
[BlackElo "2477"]
[Annotator "TA"]
[PlyCount "67"]
[EventDate "2019.11.10"]
[EventType "team-tourn"]
[EventCountry "MNE"]
[SourceTitle "playchess.com"]
[Source "ChessBase"]
[SourceQuality "1"]
[WhiteTeam "Mednyi Vsadnik"]
[BlackTeam "Tammer-Shakki"]

{[%evp 13,119,30,34,12,16,15,22,14,18,10,27,27,29,0,0,0,0,0,14,22,16,13,19,14,24,0,8,14,16,-11,-16,-12,-11,-6,-21,-45,126,120,142,135,156,56,108,97,175,170,173,128,175,162,162,156,187,67,179,97,114,96,104,100,99,75,62,66,78,43,118,41,45,56,50,56,43,41,65,50,51,34,89,83,175,175,160,166,171,168,179,175,240,262,397,398,363,370,422,441,454,445,29986,29987,29987,29988,29988,29989,29992,29993,29993,29994]} 1. e4 c5 2. Nf3 Nc6 3. Bb5 g6 4. Bxc6 dxc6 5. d3 Bg7 6. h3 e5 7. O-O Qe7 8. Be3 {B31: Sicilian: 2...Nc6 3 Bb5 g6} Nf6 9. Nbd2 {[%cal Bb1d2,Bd2c4,Bc4a5][%mdl 32]} Nd7 10. Nc4 {The position is equal.} Nb6 $146 ({Predecessor:} 10... O-O 11. Qd2 Rd8 12. a3 b6 13. b4 Ba6 14. Qc3 f6 15. Rfe1 Bf8 16. Nfd2 {1-0 (42) Sutovsky,E (2597)-Chandler,M (2527) Hastings 2000}) 11. Na5 O-O 12. Qd2 Nd7 13. a3 b6 14. Nc4 Ba6 15. b3 Bxc4 16. bxc4 f5 17. exf5 gxf5 18. Bh6 Rf7 19. Rfe1 Qd6 20. Bxg7 Rxg7 21. Re2 Qg6 {[%csl Gg7][%cal Rg6g2]} 22. g3 e4 23. dxe4 fxe4 24. Nh2 Qe6 $2 (24... Ne5 $15 {keeps the upper hand.}) 25. Rae1 $16 {[%cal Ba1e1,Be1e2,Be2d2][%mdl 32]} Qxh3 26. Rxe4 {Threatens to win with Ng4!} Rf8 27. Qd6 (27. Re7 $16) 27... Rg6 (27... Qf5 $1 $14) 28. Re6 Nf6 (28... Rxe6 $16 29. Rxe6 Rf7) 29. Qxc6 $18 Qf5 30. R1e2 Qf4 31. Nf3 Qxc4 32. Rd2 $1 Qf4 33. Kg2 (33. Re7 $18) 33... Rg7 ({Black should play} 33... Kh8 $14) 34. Rdd6 {Played: Re6-e7} 1-0

[Event "35th European Club Cup 2019"]
[Site "Ulcinj"]
[Date "2019.11.10"]
[Round "1.7"]
[White "Grandelius, Nils"]
[Black "Admiraal, Miguoel"]
[Result "1-0"]
[WhiteElo "2681"]
[BlackElo "2510"]
[Annotator "TA"]
[PlyCount "47"]
[EventDate "2019.11.10"]
[EventType "team-tourn"]
[EventCountry "MNE"]
[SourceTitle "playchess.com"]
[Source "ChessBase"]
[SourceQuality "1"]
[WhiteTeam "Valerenga"]
[BlackTeam "Kennemer Combinatie"]

{[%evp 10,47,21,23,32,27,29,27,38,20,30,33,25,10,14,0,26,12,14,6,0,0,25,21,18,8,70,31,130,114,108,101,114,120,166,180,155,163,220,228]} 1. e4 c6 2. Nf3 d5 3. Nc3 dxe4 4. Nxe4 Nf6 5. Qe2 Nxe4 6. Qxe4 Nd7 {B11: Caro-Kann: Two Knights Variation} (6... Qa5 7. Qh4 Nd7 8. Bc4 Ne5 9. Be2 Nxf3+ 10. Bxf3 Bf5 11. O-O Bxc2 12. d4 e6 13. Qg3 Bg6 14. h4 {1-0 (48) Wei,Y (2721)-Vachier Lagrave,M (2774) chess.com INT 2019}) 7. d4 Nf6 8. Qd3 g6 {White has an edge.} 9. Be2 Bg7 10. O-O O-O 11. c4 Qc7 12. g3 $146 ({Predecessor:} 12. Be3 Rd8 13. h3 c5 {1-0 (39) Thomas,C-Cooper,T Detroit East 1987}) 12... Bg4 13. Bf4 Qa5 14. Rfe1 Rad8 15. Qb3 Nh5 16. Be3 $36 {[%mdl 2048] White fights for an advantage.} Qc7 17. Rad1 Rd7 (17... Qc8 $11) 18. Rd2 {Ne5! is the strong threat.} Qa5 {[#]} ({Black should play} 18... Rdd8 $14) 19. Ne5 $1 $16 {[%mdl 512]} Bxe5 20. Bxg4 Rxd4 21. Bxh5 $1 ({Of course not} 21. Bxd4 $6 Qxd2 22. Rd1 Qg5 $11) 21... Rxd2 22. Bxd2 {White is clearly better.} Qxd2 23. Rxe5 {Hoping for Bf3.} gxh5 (23... Qd6 $142) 24. Qxb7 {Accuracy: White = 53%, Black = 32%.} ({Don't take} 24. Rxe7 $6 b6 $16) 1-0

[Event "35th European Club Cup 2019"]
[Site "Ulcinj"]
[Date "2019.11.10"]
[Round "1.8"]
[White "Van der Lende, Ilias"]
[Black "Bosiocic, Marin"]
[Result "0-1"]
[WhiteElo "2408"]
[BlackElo "2598"]
[Annotator "ChessBase"]
[PlyCount "52"]
[EventDate "2019.11.10"]
[EventType "team-tourn"]
[EventCountry "MNE"]
[SourceTitle "playchess.com"]
[Source "ChessBase"]
[SourceQuality "1"]
[WhiteTeam "Kennemer Combinatie"]
[BlackTeam "Valerenga"]
[TimeControl "40/5400+30:1800+30"]

1. d4 {[%emt 0:00:00]} Nf6 {[%emt 0:00:00]} 2. c4 {[%emt 0:00:00]} e6 {[%emt 0:00:01]} 3. Nc3 {[%emt 0:00:00]} Bb4 {[%emt 0:00:08]} 4. e3 {[%emt 0:00:10]} O-O {[%emt 0:00:08]} 5. Bd3 {[%emt 0:00:09]} d5 {[%emt 0:00:08]} 6. Nf3 {[%emt 0:00:18]} c5 {[%emt 0:00:07]} 7. O-O {[%emt 0:00:10]} b6 {[%emt 0:00:05]} 8. Ne5 {[%emt 0:04:44]} dxc4 {[%emt 0:03:54]} 9. Bxc4 {[%emt 0:00:16]} Bb7 {[%emt 0:00:36]} 10. Qe2 {[%emt 0:08:13]} Nbd7 {[%emt 0:09:51]} 11. Rd1 {[%emt 0:02:13]} Bxc3 {[%emt 0:00:50]} 12. Nxd7 {[%emt 0:09:43]} Qxd7 {[%emt 0:00:06]} 13. bxc3 {[%emt 0:00:09]} Rac8 {[%emt 0:00:43]} 14. Bb5 {[%emt 0:10:22]} Qc7 {[%emt 0:03:05]} 15. a4 {[%emt 0:00:30]} c4 {[%emt 0:06:34]} 16. a5 {[%emt 0:01:20]} Be4 {[%emt 0:00:25]} 17. f3 {[%emt 0:04:57]} Bd3 {[%emt 0:01:39]} 18. Qf2 {[%emt 0:00:36]} Nd5 {[%emt 0:02:09]} 19. Bd2 {[%emt 0:05:46]} f5 {[%emt 0:01:46]} 20. Be1 {[%emt 0:00:08]} bxa5 {[%emt 0:02:32]} 21. Rxd3 {[%emt 0:16:32]} cxd3 {[%emt 0:00:11]} 22. c4 {[%emt 0:00:05]} Nb4 {[%emt 0:01:23]} 23. Bc3 {[%emt 0:00:07]} a6 {[%emt 0:05:00]} 24. Bxb4 {[%emt 0:00:26]} axb4 {[%emt 0:00:05]} 25. Rxa6 {[%emt 0:03:01]} Ra8 {[%emt 0:00:48]} 26. c5 {[%emt 0:02:25]} Qb7 {[%emt 0:00:44]} 0-1

[Event "35th European Club Cup 2019"]
[Site "Ulcinj"]
[Date "2019.11.10"]
[Round "1.8"]
[White "Koykka, Pekka"]
[Black "Matlakov, Maxim"]
[Result "0-1"]
[WhiteElo "2379"]
[BlackElo "2710"]
[Annotator "TA"]
[PlyCount "82"]
[EventDate "2019.11.10"]
[EventType "team-tourn"]
[EventCountry "MNE"]
[SourceTitle "playchess.com"]
[Source "ChessBase"]
[SourceQuality "1"]
[WhiteTeam "Tammer-Shakki"]
[BlackTeam "Mednyi Vsadnik"]

{[%evp 17,82,-20,0,-5,0,-11,0,0,0,-12,-25,-18,25,18,39,35,19,25,0,0,114,-45,14,14,38,-12,42,0,0,-72,-59,-127,-92,-110,-70,-79,-32,-115,-101,-143,-58,-56,0,0,0,0,0,-220,-227,-593,-256,-265,-193,-856,-848,-1098,-1093,-1112,-1010,-804,-458,-635,-162,-29979,-29980,-29976,-765]} 1. e4 e5 2. Nf3 Nc6 3. d4 exd4 4. Nxd4 Nf6 5. Nxc6 bxc6 6. e5 Qe7 7. Qe2 Nd5 8. c4 Ba6 9. Nd2 g6 10. Nf3 {C45: Scotch Game} Qb4+ 11. Kd1 Nb6 {[%cal Ra6c4]} (11... Ne7 12. Qc2 c5 13. Bd3 Bg7 14. Re1 O-O 15. Qb3 Nc6 16. Bd2 Qb6 17. Qxb6 axb6 {0-1 (32) Jones,G (2668)-Kramnik,V (2803) Douglas 2017}) 12. b3 {The position is equal.} Bg7 13. Kc2 O-O 14. Qd2 Qe7 15. Bb2 c5 16. Re1 $146 ({Predecessor:} 16. Bd3 Bb7 {1-0 (39) Tomazini,Z (2368)-Rindlisbacher,J (2246) Maribor 2012}) 16... Bb7 17. Bd3 a5 18. a4 Rfd8 {[#]} (18... Bxf3 $11 19. gxf3 Qh4) 19. Qf4 $2 (19. h4 $1 $16) 19... Bxf3 ({Black should play} 19... d5 $15 20. exd6 Qxd6 21. Qxd6 cxd6) 20. Qxf3 $11 d5 {Threatens to win with ...dxc4.} 21. cxd5 (21. exd6 $5 Qxd6 22. Bxg7 Kxg7 23. Rd1 $14) 21... Nxd5 (21... Rab8 $11 22. Bb5 Rxd5) 22. Kb1 (22. Bc4 $5 {[%cal Rc4d5]} Nb6 23. e6 Nxc4 24. exf7+ Qxf7 25. Qxf7+ Kxf7 26. Bxg7 $11) 22... Rab8 23. Bc4 {[#]} (23. Bb5 $11) 23... Nb6 $1 $17 {[%cal Rb6c4]} 24. Bb5 (24. Re4 $15) 24... c4 25. Re2 Rd3 26. Re3 Rd2 {aiming for ...cxb3.} 27. Bc3 (27. Rd1 $1 $15 Rxd1+ 28. Qxd1) 27... Rd5 28. Rhe1 ({But not} 28. Bxa5 $2 Rxe5 29. Rxe5 Qxe5 $19) 28... cxb3 ({Better is} 28... Bh6 $17 29. Bxc4 Rc5) 29. e6 $1 $15 Rf5 (29... f6 $15 30. Bxa5 Rxb5 {[%mdl 64] Remove Defender} 31. axb5 Nc4 {[%mdl 64] Double Attack, Discovered Attack}) 30. Qc6 $11 Rxf2 $40 {[%mdl 128] White needs to defend precisely.} 31. Bxg7 Kxg7 32. Qc3+ $2 (32. exf7 $11 {and White has nothing to worry.} Qd6 33. Qc3+ {[%mdl 64] Double Attack} Qf6 34. Qxf6+ (34. Rf3 Qxc3 35. Rxc3 Rxf7 $17) 34... Rxf6 35. Re8) 32... f6 $19 33. Qxb3 $2 (33. R3e2 {is tougher.} Nd5 34. Qc4) 33... Rf4 (33... c6 $142 34. Bxc6 Qc5) 34. Re4 Rf5 {...Nxa4! is the strong threat.} 35. Rc1 $2 {[#]} (35. Rd1) 35... Nxa4 $1 {[%mdl 512]} 36. Qxa4 Rfxb5+ 37. Ka1 Rb3 {( -> ...Qa3+)} 38. Ka2 Rb2+ 39. Ka1 {White hopes to continue with Qd7!} R2b4 $2 (39... c6 40. Rd4 Qxe6) 40. Qxa5 $2 (40. Rxb4 $19 Rxb4 41. Qd7) 40... Rxe4 41. Rxc7 {[#]} Ra4+ $1 {[%mdl 512] Accuracy: White = 33%, Black = 43%.} 0-1

[Event "35th European Club Cup 2019"]
[Site "Ulcinj"]
[Date "2019.11.10"]
[Round "1.9"]
[White "Fedoseev, Vladimir"]
[Black "Maki, Veijo"]
[Result "1-0"]
[WhiteElo "2672"]
[BlackElo "2357"]
[Annotator "TA"]
[PlyCount "51"]
[EventDate "2019.11.10"]
[EventType "team-tourn"]
[EventCountry "MNE"]
[SourceTitle "playchess.com"]
[Source "ChessBase"]
[SourceQuality "1"]
[WhiteTeam "Mednyi Vsadnik"]
[BlackTeam "Tammer-Shakki"]

{[%evp 17,51,61,72,41,35,54,57,57,50,46,90,100,144,130,160,157,245,225,262,263,294,319,311,308,333,302,375,376,385,364,487,483,461,458,462,460]} 1. d4 Nf6 2. c4 g6 3. Nc3 Bg7 4. e4 d6 5. Be2 O-O 6. Be3 Na6 7. Nf3 e5 8. d5 Nc5 9. Nd2 a5 10. h4 {E93: King's Indian: Classical: Petrosian System with 7...Nbd7} h5 11. f3 Bd7 12. b3 $146 {White is slightly better.} ({Predecessor:} 12. Nf1 Qc8 13. Qd2 Re8 14. Bh6 Bh8 15. O-O-O Ra6 16. g4 hxg4 {1-0 (46) Karthik,V (2525)-Ritviz,P (2252) Taleigao 2018}) 12... c6 13. a3 {[%cal Ba2a3,Ba3a4][%mdl 32]} cxd5 14. cxd5 b5 15. Bxb5 Bxb5 16. Nxb5 Qb6 (16... a4 $16 17. b4 Nd3+ 18. Kf1 Qb8) 17. Qe2 $18 Rfb8 18. a4 Ne8 19. g4 Nf6 20. g5 Ne8 21. Nc4 Qd8 22. Bxc5 dxc5 23. d6 Qd7 24. Rd1 {White is clearly winning.} Ra6 25. Qh2 Rd8 26. Rd5 {Accuracy: White = 100%, Black = 46%.} 1-0